Maiar - Statistics

General Stats
  • This quiz has been taken 9 times
  • The average score is 10 of 16
Answer Stats
Maia % Correct
Brown Istar Aiwendil
100%
Traitor Istar Curumo
100%
Moria Balrog Durin's Bane
100%
Faithful Istar Olorin
100%
Lord of Balrogs Gothmog
83%
Second to Morgoth Mairon
83%
Thingol's Wife Melian
83%
Blue Istar Alatar
67%
Blue Istar Pallando
67%
Herald of Manwe Eonwe
50%
Vassal of Ulmo Osse
50%
Guides the Sun Arien
33%
Lady of the Seas Uinen
33%
Handmaid of Varda Ilmare
17%
Maker of Ulumuri Salmar
17%
Guides the Moon Tilion
17%
No matching quizzes found
Score Distribution
Percent of People with Each Score
Percentile by Number Answered
Your Score History
You have not taken this quiz